000 004310000a22001690004500
003 MACL
005 20160113154431.0
008 160113b xxu||||| |||| 00| 0 eng d
040 _aMACL
_cMACL
041 _aEnglish
082 _a940/FYE
100 _aFyffe, C A
_931897
245 _aA History of Modern Europe
_bvol 3
260 _bCassell And Company Ltd
_c1892
_aLondon
650 _aHistory
_931898
942 _cBK
_k940/FYF
_2ddc
999 _c37782
_d37782